| 000 | 00633nam a22002297a 4500 | ||
|---|---|---|---|
| 003 | Ost | ||
| 005 | 20260414113726.0 | ||
| 008 | 260414b |||||||| |||| 00| 0 eng d | ||
| 020 | _aNA | ||
| 040 | _cBT-PhCST | ||
| 050 | _aD4676-D4678 | ||
| 082 |
_222 _a333.7095498 _bEAR |
||
| 100 | _aOrganschi, Alan | ||
| 245 |
_aRegenerative Bhutan : _ba bio-material pathway to healthy forest and carbon positive cities / |
||
| 260 | _cc2022. | ||
| 300 |
_a126, p. ; _bill. ; _c29 cm. |
||
| 700 | _aArup, Emily Walport | ||
| 700 | _aSchreiber, Franziska | ||
| 700 | _aArup, Rory McGowan | ||
| 700 | _aLarence, Jamie | ||
| 942 |
_2ddc _cWRE |
||
| 999 |
_c10239 _d10239 |
||